Accounting in a Business Context / Third Edition (Record no. 87)
[ view plain ]
| 000 -LEADER | |
|---|---|
| fixed length control field | 01498cam a22002174a 4500 |
| 005 - ΗΜΕΡΟΜΗΝΙΑ ΚΑΙ ΩΡΑ ΤΕΛΕΥΤΑΙΑΣ ΕΝΗΜΕΡΩΣΗΣ | |
| Πεδίο ελέγχου | 20250605163923.0 |
| 008 - FIXED-LENGTH DATA ELEMENTS--GENERAL INFORMATION | |
| Πεδίο ελέγχου σταθερού μήκους | 250528s ||||||||||||||||||||||||d |
| 035 ## - SYSTEM CONTROL NUMBER | |
| System control number | 14457 |
| 020 ## - ISBN | |
| ISBN | 1861520905 |
| 040 ## - ΠΗΓΗ ΚΑΤΑΛΟΓΟΓΡΑΦΗΣΗΣ | |
| Φορέας πρωτότυπης καταλογογράφησης | MC Athens Campus Library |
| Γλώσσα καταλογογράφησης | Ελληνικά, Μοντέρνα (1453-) |
| Modifying agency | MC Athens Campus Library |
| Κανόνες περιγραφικής καταλογογράφησης | AACR2 |
| 245 1# - ΤΙΤΛΟΣ ΚΑΙ ΔΗΛΩΣΗ ΥΠΕΥΘΥΝΟΤΗΤΑΣ | |
| Τίτλος | Accounting in a Business Context / Third Edition |
| 250 ## - EDITION STATEMENT | |
| Edition statement | 3rd |
| 260 ## - PUBLICATION, DISTRIBUTION, ETC. | |
| Name of publisher, distributor, etc. | Thomson Learning, |
| Date of publication, distribution, etc. | 1997 |
| 300 ## - PHYSICAL DESCRIPTION | |
| Extent | 432 |
| 520 ## - SUMMARY, ETC. | |
| Summary, etc. | This book offers the ideal balance of coverage of fnancial and management accounting topics, presented in a readable and accessible way that non-accounting students will appreciate. Acknowledgements, Preface, Introduction to Accounting, Wealth and the Measurement of Profit, The Measurement of Wealth, The Profit and Loss Account, Introduction to the Worksheet, Stocks and Work in Progress, Debtors and Creditors and Accruals and Prepayments, Fixed Assets and Depreciation, Financing and Business Structures, Final Accounts and Partnerships and Companies, Cash Flow Statements, Financial Statement Analysis, Internal Users and Internal Information, Planning and Control, Cost Behavior and Cost-Volume-Profit Analysis, Accounting for Overheads and Product Costs, Accounting for Decision Making: When There are no Resource Constraints, Accounting for Decision Making: Resource Constraints and Decisions which are Mutually Exclusive, Budgets, Investment Decisions, Appendix, Index. |
| 700 1# - ΠΡΟΣΘΕΤΗ ΑΝΑΓΡΑΦΗ--ΦΥΣΙΚΟ ΠΡΟΣΩΠΟ | |
| Personal name | Berry Aidan |
| 9 (RLIN) | 118 |
| 700 1# - ΠΡΟΣΘΕΤΗ ΑΝΑΓΡΑΦΗ--ΦΥΣΙΚΟ ΠΡΟΣΩΠΟ | |
| Personal name | Jarvis Robin |
| 9 (RLIN) | 119 |
| 942 ## - ADDED ENTRY ELEMENTS (KOHA) | |
| Koha item type | Books |
| Τύπος τεκμηρίου | Βιβλιοθήκη | Τρέχουσα τοποθεσία | Barcode | Αριθμός εισαγωγής | Ημερομηνία απόκτησης | Ταξιθετικό σύμβολο | Αριθμός αντιτύπου | Κατάσταση απόσυρσης | Κατάσταση χαμένου | Κατάσταση κατεστραμμένου | Μη δανεισμός | Σύνολο δανεισμών | Ημερομηνία τελευταίας εμφάνισης | Η τιμή ισχύει από |
|---|---|---|---|---|---|---|---|---|---|---|---|---|---|---|
| Books | MC Athens Campus Library | MC Athens Campus Library | 9780000000866 | 6868 | 05/06/2025 | 657 BER | 2 | 05/06/2025 | 05/06/2025 |